Programa municipal de prevenció dels maltractaments a la infància
Descripción Física:
12 pàgines : 21 cm
Materias:
Maltractament infantil -- Prevenció
Idioma:
Catalán
MARC
| LEADER | 00000nam a2200000 a 4500 | ||
|---|---|---|---|
| 001 | 26427 | ||
| 008 | 220810b spa||||| |||| 00| 0 cat d | ||
| 017 | |a DL B 51766-1998 | ||
| 080 | |a FU-72-53 | ||
| 245 | 0 | 0 | |a Programa municipal de prevenció dels maltractaments a la infància |
| 260 | |a Barcelona : |b Diputació de Barcelona, |c gener de 1999 | ||
| 300 | |a 12 pàgines : |c 21 cm | ||
| 650 | 0 | |9 21834 |a Maltractament infantil |x Prevenció | |
| 710 | |a Barcelona (Catalunya : Província). |b Àrea de Serveis Socials |e entitat editora |9 53159 | ||
| 942 | |2 udc |c ARXIU |n 1 | ||
| 952 | |0 0 |1 0 |4 0 |6 FU7253 |7 1 |9 63393 |a Arxiu |b Arxiu |d 2022-08-10 |o FU-72-53 |p 26427 |r 2022-08-10 00:00:00 |w 2022-08-10 |y ARXIU | ||
| 999 | |c 82575 |d 82575 | ||